• 首页
  • 本馆介绍
  • 公告通知
  • 最新文献
  • 馆藏检索
  • 电子资源
  • 读者导购
  • 参考咨询
  • 我的图书馆
  • 登录
  • 详细信息显示
  • 放入我的书架
  • 预约/预借图书
  • 作者相关作品
  • 分类相关作品
  • 丛书相关作品
  • 出版社相关作品

书目信息

  • 表格格式
  • 工作单格式
  • 卡片格式
题名:
新视野英语教程
    
 
作者: 郑树棠 , 周国强 总主编 ;吴勇 主编
分册: 2   读写教程
出版信息: 北京   外语教学与研究出版社  2004
页数: 349页
开本: 26cm
丛书名:
单 册:
中图分类: H31 , H319.4
科图分类:
主题词: 英语--高等教育--教材 , 英语--阅读教学--高等教育--教材 , 英语--写作--高等教育--教材
电子资源:
ISBN: 7-5600-4336-4
000 01082nam0 2200313 450-
001 0101075559
005 20110316152603.0
010    @a7-5600-4336-4@dCNY26.90
011    @a7-5600-4336-4
100    @a20041109d2004 em y0chiy0120 ea
101 0  @achi@aeng
102    @aCN@b110000
105    @ay z 000yy
106    @ar
200 1  @a新视野英语教程@9Xin Shi Ye Ying Yu Jiao Cheng @i读写教程@i教师用书@f郑树棠,周国强总主编@g吴勇主编@h2@b专著
210    @a北京@c外语教学与研究出版社@d2004
215    @a349页@d26cm
300    @a全国高职高专英语教材
330    @a本书以指导学生巩固语法知识,提高基本写作能力为主旨,针对题材广泛的文字材料提供了词汇、语法训练,并进行了实用写作指导等。
606 0  @a英语@x高等教育@j教材
606 0  @a英语@x阅读教学@x高等教育@j教材
606 0  @a英语@x写作@x高等教育@j教材
690    @aH31@v4
690    @aH319.4@v4
701  0 @a郑树棠@f(1945~)@4总主编@9zheng shu tang
701  0 @a周国强@c(英语)@4总主编@9zhou guo qiang
702  0 @a吴勇@4主编@9wu yong
801  0 @aCN@bAZmarc@c20230831
905    @aBZT@dH31@e325:2@f8@sH31/325:2
    
    新视野英语教程.读写教程.教师用书/郑树棠,周国强总主编/吴勇主编.2.-北京:外语教学与研究出版社,2004
    349页;26cm
    全国高职高专英语教材
    
    ISBN 7-5600-4336-4:CNY26.90
    本书以指导学生巩固语法知识,提高基本写作能力为主旨,针对题材广泛的文字材料提供了词汇、语法训练,并进行了实用写作指导等。
●
相关链接 在五车中查询图书 在当当中查询图书 在豆瓣中查询图书


正题名:新视野英语教程     索取号:H31/325:2         预约/预借

序号 登录号 条形码 馆藏地/架位号 状态 备注
1 2000060381   2000060381   旧书回溯/ [索取号:H31/325:2] 在馆    
2 2000060862   2000060862   旧书回溯/ [索取号:H31/325:2] 在馆    
3 2000060863   2000060863   旧书回溯/ [索取号:H31/325:2] 在馆    
4 2000061464   2000061464   旧书回溯/ [索取号:H31/325:2] 在馆    
5 2000061617   2000061617   旧书回溯/ [索取号:H31/325:2] 在馆    
6 2000061618   2000061618   旧书回溯/ [索取号:H31/325:2] 在馆    
7 2000061619   2000061619   旧书回溯/ [索取号:H31/325:2] 在馆    
8 2000061620   2000061620   旧书回溯/ [索取号:H31/325:2] 在馆    
山东省滨州职业学院图书馆 欢迎您!
大连网信软件有限公司© 版权所有